[Event "NZ Blitz 2016"]
[Site "Devonport, NZL"]
[Date "2016.01.12"]
[Round "5.1"]
[White "Ma, Qun"]
[Black "Jones, Gawain C B"]
[Result "1-0"]
[LiveChessVersion "1.4.7"]
[BlackElo "2702"]
[WhiteElo "2560"]

1. e4 {[%clk 0:03:03]} c5 {[%clk 0:03:03]} 2. Nf3 {[%clk 0:03:04]} d6
{[%clk 0:03:04]} 3. d4 {[%clk 0:03:05]} cxd4 {[%clk 0:03:05]} 4. Qxd4
{[%clk 0:03:05]} Nc6 {[%clk 0:03:04]} 5. Bb5 {[%clk 0:03:06]} a6 {[%clk 0:03:05]}
6. Bxc6+ {[%clk 0:03:06]} bxc6 {[%clk 0:03:06]} 7. c4 {[%clk 0:03:05]} e5
{[%clk 0:03:07]} 8. Qd3 {[%clk 0:03:06]} Be7 {[%clk 0:02:55]} 9. Nc3
{[%clk 0:03:05]} Nf6 {[%clk 0:02:36]} 10. O-O {[%clk 0:02:48]} a5
{[%clk 0:02:35]} 11. Bg5 {[%clk 0:02:40]} Ba6 {[%clk 0:02:20]} 12. Rfd1
{[%clk 0:02:35]} Qb6 {[%clk 0:02:07]} 13. Bxf6 {[%clk 0:02:19]} Bxf6
{[%clk 0:01:53]} 14. Qxd6 {[%clk 0:02:19]} Rd8 {[%clk 0:01:51]} 15. Na4
{[%clk 0:02:10]} Rxd6 {[%clk 0:01:41]} 16. Nxb6 {[%clk 0:02:10]} Ke7
{[%clk 0:01:28]} 17. Rxd6 {[%clk 0:01:55]} Kxd6 {[%clk 0:01:29]} 18. b3
{[%clk 0:01:52]} Kc7 {[%clk 0:01:25]} 19. Na4 {[%clk 0:01:53]} Rd8
{[%clk 0:01:25]} 20. Kf1 {[%clk 0:01:52]} Be7 {[%clk 0:01:22]} 21. Ke2
{[%clk 0:01:41]} f6 {[%clk 0:01:19]} 22. Rd1 {[%clk 0:01:42]} Rxd1
{[%clk 0:01:19]} 23. Kxd1 {[%clk 0:01:42]} Bc8 {[%clk 0:01:18]} 24. Ke2
{[%clk 0:01:42]} Be6 {[%clk 0:01:13]} 25. Ne1 {[%clk 0:01:42]} g6
{[%clk 0:01:00]} 26. Nd3 {[%clk 0:01:42]} Bf8 {[%clk 0:01:00]} 27. Kd2
{[%clk 0:01:35]} Bg7 {[%clk 0:00:58]} 28. Nac5 {[%clk 0:01:31]} Bc8
{[%clk 0:00:52]} 29. Kc3 {[%clk 0:01:25]} f5 {[%clk 0:00:53]} 30. f3
{[%clk 0:01:22]} Kd6 {[%clk 0:00:51]} 31. Na4 {[%clk 0:01:00]} fxe4
{[%clk 0:00:52]} 32. fxe4 {[%clk 0:01:00]} Bg4 {[%clk 0:00:51]} 33. c5+
{[%clk 0:00:54]} Kc7 {[%clk 0:00:39]} 34. Nb6 {[%clk 0:00:55]} Be2
{[%clk 0:00:38]} 35. Nc4 {[%clk 0:00:43]} Bf1 {[%clk 0:00:39]} 36. Ne1
{[%clk 0:00:35]} Bf8 {[%clk 0:00:39]} 37. b4 {[%clk 0:00:24]} axb4+
{[%clk 0:00:40]} 38. Kxb4 {[%clk 0:00:24]} Bh6 {[%clk 0:00:33]} 39. a4
{[%clk 0:00:24]} Kb7 {[%clk 0:00:23]} 40. g3 {[%clk 0:00:24]} Be2
{[%clk 0:00:15]} 41. Kc3 {[%clk 0:00:21]} Bg5 {[%clk 0:00:12]} 42. Nd3
{[%clk 0:00:12]} Bf3 {[%clk 0:00:11]} 43. Ndxe5 {[%clk 0:00:13]} Bg2
{[%clk 0:00:06]} 44. Nd6+ {[%clk 0:00:13]} Kc7 {[%clk 0:00:05]} 45. Kc4
{[%clk 0:00:13]} Bf1+ {[%clk 0:00:06]} 46. Nd3 {[%clk 0:00:13]} Be3
{[%clk 0:00:06]} 47. e5 {[%clk 0:00:14]} Kd7 {[%clk 0:00:05]} 48. a5
{[%clk 0:00:15]} Ke6 {[%clk 0:00:04]} 49. a6 {[%clk 0:00:16]} Bxd3+
{[%clk 0:00:04]} 50. Kxd3 {[%clk 0:00:16]} Bxc5 {[%clk 0:00:05]} 51. Ke4
{[%clk 0:00:15]} Kd7 {[%clk 0:00:07]} 52. Nf7 {[%clk 0:00:14]} Kc7
{[%clk 0:00:06]} 53. e6 {[%clk 0:00:15]} Kb6 {[%clk 0:00:07]} 54. Ne5
{[%clk 0:00:13]} Be7 {[%clk 0:00:06]} 55. a7 {[%clk 0:00:14]} Kb7
{[%clk 0:00:07]} 56. Nxc6 {[%clk 0:00:14]} Bd6 {[%clk 0:00:08]} 57. e7
{[%clk 0:00:15]} 1-0

[Event "NZ Blitz 2016"]
[Site "Devonport, NZL"]
[Date "2016.01.12"]
[Round "5.2"]
[White "Cornette, Matthieu"]
[Black "Wang, Puchen"]
[Result "1-0"]
[LiveChessVersion "1.4.7"]
[BlackElo "2457"]
[WhiteElo "2591"]

1. e4 {[%clk 0:03:03]} c5 {[%clk 0:03:04]} 2. Nc3 {[%clk 0:03:04]} e6
{[%clk 0:03:04]} 3. Nge2 {[%clk 0:03:03]} d5 {[%clk 0:03:04]} 4. exd5
{[%clk 0:03:03]} exd5 {[%clk 0:03:05]} 5. d4 {[%clk 0:03:03]} Nf6
{[%clk 0:03:03]} 6. g3 {[%clk 0:02:59]} Nc6 {[%clk 0:02:57]} 7. Bg2
{[%clk 0:03:00]} cxd4 {[%clk 0:02:53]} 8. Nxd4 {[%clk 0:02:59]} Bg4
{[%clk 0:02:53]} 9. f3 {[%clk 0:02:58]} Bh5 {[%clk 0:02:46]} 10. Be3
{[%clk 0:02:58]} Bb4 {[%clk 0:02:44]} 11. O-O {[%clk 0:02:53]} O-O
{[%clk 0:02:45]} 12. Bf2 {[%clk 0:02:46]} Re8 {[%clk 0:02:43]} 13. Nce2
{[%clk 0:02:45]} Ne5 {[%clk 0:02:34]} 14. Nf4 {[%clk 0:02:40]} Bg6
{[%clk 0:02:31]} 15. Nxg6 {[%clk 0:02:41]} hxg6 {[%clk 0:02:32]} 16. c3
{[%clk 0:02:34]} Ba5 {[%clk 0:02:33]} 17. Re1 {[%clk 0:01:55]} Bb6
{[%clk 0:02:31]} 18. b3 {[%clk 0:01:55]} Qd7 {[%clk 0:02:25]} 19. Qd2
{[%clk 0:01:51]} Rac8 {[%clk 0:02:13]} 20. Rad1 {[%clk 0:01:45]} Ba5
{[%clk 0:02:11]} 21. Ne2 {[%clk 0:01:32]} Qf5 {[%clk 0:02:02]} 22. Nd4
{[%clk 0:01:13]} Qd7 {[%clk 0:02:01]} 23. Rc1 {[%clk 0:01:11]} Bb6
{[%clk 0:01:44]} 24. Re2 {[%clk 0:01:04]} Nc6 {[%clk 0:01:39]} 25. Rce1
{[%clk 0:01:04]} Rxe2 {[%clk 0:01:39]} 26. Rxe2 {[%clk 0:01:05]} Ba5
{[%clk 0:01:35]} 27. Nxc6 {[%clk 0:01:03]} Qxc6 {[%clk 0:01:28]} 28. b4
{[%clk 0:00:47]} Bb6 {[%clk 0:01:30]} 29. Bh3 {[%clk 0:00:46]} Bxf2+
{[%clk 0:01:26]} 30. Kxf2 {[%clk 0:00:45]} Re8 {[%clk 0:01:16]} 31. Rxe8+
{[%clk 0:00:44]} Nxe8 {[%clk 0:01:17]} 32. Qd4 {[%clk 0:00:39]} a6
{[%clk 0:01:18]} 33. Qc5 {[%clk 0:00:37]} Qa4 {[%clk 0:01:01]} 34. Qxd5
{[%clk 0:00:28]} Qc2+ {[%clk 0:01:02]} 35. Kg1 {[%clk 0:00:28]} Qc1+
{[%clk 0:01:00]} 36. Bf1 {[%clk 0:00:28]} Qxc3 {[%clk 0:00:51]} 37. Qxb7
{[%clk 0:00:29]} Qe3+ {[%clk 0:00:52]} 38. Kg2 {[%clk 0:00:30]} Qd2+
{[%clk 0:00:53]} 39. Kh1 {[%clk 0:00:26]} Qxa2 {[%clk 0:00:43]} 40. Qxa6
{[%clk 0:00:25]} Qb1 {[%clk 0:00:45]} 41. Qe2 {[%clk 0:00:20]} Nd6
{[%clk 0:00:43]} 42. b5 {[%clk 0:00:20]} Kh7 {[%clk 0:00:41]} 43. h4
{[%clk 0:00:21]} Nf5 {[%clk 0:00:42]} 44. Kh2 {[%clk 0:00:21]} Nd4
{[%clk 0:00:43]} 45. Qd3 {[%clk 0:00:21]} Qb2+ {[%clk 0:00:35]} 46. Kh3
{[%clk 0:00:23]} Ne6 {[%clk 0:00:34]} 47. Qe2 {[%clk 0:00:19]} Qd4
{[%clk 0:00:34]} 48. Kh2 {[%clk 0:00:17]} Qb4 {[%clk 0:00:35]} 49. Qd3
{[%clk 0:00:17]} Qb2+ {[%clk 0:00:34]} 50. Qe2 {[%clk 0:00:18]} Qb4
{[%clk 0:00:35]} 51. h5 {[%clk 0:00:17]} Nd4 {[%clk 0:00:32]} 52. hxg6+ fxg6 53.
Qd3 {[%clk 0:00:18]} Qb2+ {[%clk 0:00:33]} 54. Kh3 {[%clk 0:00:19]} Ne6
{[%clk 0:00:33]} 55. f4 {[%clk 0:00:20]} Qb4 {[%clk 0:00:29]} 56. Qc4
{[%clk 0:00:20]} Qd6 {[%clk 0:00:27]} 57. Qe4 {[%clk 0:00:18]} Nc5
{[%clk 0:00:28]} 58. Qe5 {[%clk 0:00:18]} Qd7+ {[%clk 0:00:27]} 59. Kh2
{[%clk 0:00:19]} Qd2+ {[%clk 0:00:28]} 60. Qe2 {[%clk 0:00:17]} Qb4
{[%clk 0:00:28]} 61. Qc4 {[%clk 0:00:17]} Qb2+ {[%clk 0:00:29]} 62. Kh3
{[%clk 0:00:17]} Nd7 {[%clk 0:00:28]} 63. Bd3 {[%clk 0:00:18]} Qf6
{[%clk 0:00:26]} 64. Qd5 {[%clk 0:00:17]} Nb6 {[%clk 0:00:24]} 65. Qh5+
{[%clk 0:00:17]} Kg8 {[%clk 0:00:25]} 66. Qxg6 {[%clk 0:00:18]} Qd4 67. Qe8#
{[%clk 0:00:16]} 1-0

[Event "NZ Blitz 2016"]
[Site "Devonport, NZL"]
[Date "2016.01.12"]
[Round "5.3"]
[White "Fier, Alexandr"]
[Black "Garbett, Paul A"]
[Result "1-0"]
[LiveChessVersion "1.4.7"]
[BlackElo "2268"]
[WhiteElo "2524"]

1. d4 {[%clk 0:03:02]} Nf6 {[%clk 0:03:03]} 2. c4 {[%clk 0:03:04]} c5
{[%clk 0:03:04]} 3. d5 {[%clk 0:03:03]} e5 {[%clk 0:03:05]} 4. dxe6
{[%clk 0:02:58]} fxe6 {[%clk 0:03:03]} 5. g3 {[%clk 0:02:59]} Nc6
{[%clk 0:03:03]} 6. Bg2 {[%clk 0:03:00]} d5 {[%clk 0:03:04]} 7. Nf3
{[%clk 0:03:00]} Be7 {[%clk 0:03:02]} 8. O-O {[%clk 0:03:00]} O-O
{[%clk 0:03:01]} 9. Qc2 {[%clk 0:02:49]} d4 {[%clk 0:02:46]} 10. e3
{[%clk 0:02:46]} e5 {[%clk 0:02:46]} 11. exd4 {[%clk 0:02:47]} exd4
{[%clk 0:02:40]} 12. Bg5 {[%clk 0:02:40]} Nb4 {[%clk 0:02:39]} 13. Qb3
{[%clk 0:02:36]} Bf5 {[%clk 0:02:31]} 14. Nbd2 {[%clk 0:02:32]} h6
{[%clk 0:02:08]} 15. Bxf6 {[%clk 0:02:32]} Bxf6 {[%clk 0:02:08]} 16. Ne1
{[%clk 0:02:21]} Rb8 {[%clk 0:02:06]} 17. a3 {[%clk 0:02:21]} Nc6
{[%clk 0:02:03]} 18. Nd3 {[%clk 0:02:15]} Na5 {[%clk 0:02:03]} 19. Qc2
{[%clk 0:02:16]} Qe8 {[%clk 0:01:57]} 20. Rfe1 {[%clk 0:02:06]} Qg6
{[%clk 0:01:57]} 21. Be4 {[%clk 0:02:07]} Rfe8 {[%clk 0:01:54]} 22. Bxf5
{[%clk 0:02:08]} Qxf5 {[%clk 0:01:54]} 23. Rac1 {[%clk 0:01:50]} Nc6
{[%clk 0:01:54]} 24. Kg2 {[%clk 0:01:40]} Bg5 {[%clk 0:01:44]} 25. f4
{[%clk 0:01:35]} Bf6 {[%clk 0:01:38]} 26. b4 {[%clk 0:01:25]} Re3
{[%clk 0:01:38]} 27. Rxe3 {[%clk 0:01:14]} dxe3 {[%clk 0:01:39]} 28. Nf3
{[%clk 0:01:15]} Nd4 {[%clk 0:01:31]} 29. Nxd4 {[%clk 0:01:08]} cxd4
{[%clk 0:01:31]} 30. Ne1 {[%clk 0:01:10]} Qxc2+ {[%clk 0:01:19]} 31. Rxc2
{[%clk 0:01:11]} Rd8 {[%clk 0:01:18]} 32. Nd3 {[%clk 0:01:12]} Kf7
{[%clk 0:01:14]} 33. Kf3 {[%clk 0:01:14]} b6 {[%clk 0:01:12]} 34. c5
{[%clk 0:01:08]} bxc5 {[%clk 0:01:03]} 35. Rxc5 {[%clk 0:01:09]} Rd7
{[%clk 0:01:02]} 36. g4 {[%clk 0:01:06]} Be7 {[%clk 0:01:01]} 37. Ne5+
{[%clk 0:01:07]} Ke6 {[%clk 0:01:00]} 38. Nxd7 {[%clk 0:01:08]} Bxc5
{[%clk 0:00:57]} 39. Nxc5+ {[%clk 0:01:09]} Kd5 {[%clk 0:00:58]} 40. f5
{[%clk 0:01:07]} Ke4+ 41. Kxe4 1-0

[Event "NZ Blitz 2016"]
[Site "Devonport, NZL"]
[Date "2016.01.12"]
[Round "5.4"]
[White "Koop, Thorben"]
[Black "Hart, Ralph"]
[Result "1/2-1/2"]
[LiveChessVersion "1.4.7"]
[BlackElo "2194"]
[WhiteElo "2368"]

1. Nf3 {[%clk 0:03:02]} c5 {[%clk 0:03:01]} 2. e4 {[%clk 0:02:58]} Nc6
{[%clk 0:03:01]} 3. Bb5 {[%clk 0:02:59]} e6 {[%clk 0:02:55]} 4. Bxc6
{[%clk 0:02:59]} bxc6 {[%clk 0:02:56]} 5. O-O {[%clk 0:02:51]} Nf6
{[%clk 0:02:56]} 6. e5 {[%clk 0:02:49]} Nd5 {[%clk 0:02:57]} 7. d3
{[%clk 0:02:42]} Be7 {[%clk 0:02:55]} 8. Nbd2 {[%clk 0:02:37]} O-O
{[%clk 0:02:36]} 9. Ne4 {[%clk 0:02:37]} f6 {[%clk 0:02:33]} 10. c4
{[%clk 0:02:32]} Nc7 {[%clk 0:02:12]} 11. exf6 {[%clk 0:02:28]} gxf6
{[%clk 0:02:11]} 12. Be3 {[%clk 0:02:10]} d6 {[%clk 0:01:55]} 13. Bh6
{[%clk 0:01:58]} Rf7 {[%clk 0:01:43]} 14. d4 {[%clk 0:01:59]} cxd4
{[%clk 0:01:11]} 15. Nxd4 {[%clk 0:01:59]} Bd7 {[%clk 0:01:11]} 16. Qg4+
{[%clk 0:01:47]} Kh8 {[%clk 0:01:12]} 17. Qh5 {[%clk 0:01:48]} Qg8
{[%clk 0:01:07]} 18. Rad1 {[%clk 0:01:37]} c5 {[%clk 0:01:04]} 19. Nf3
{[%clk 0:01:30]} Ne8 {[%clk 0:01:05]} 20. Ng3 {[%clk 0:01:13]} Qg6
{[%clk 0:01:04]} 21. Qxg6 {[%clk 0:01:09]} hxg6 {[%clk 0:01:04]} 22. Bf4
{[%clk 0:01:09]} e5 {[%clk 0:01:01]} 23. Be3 {[%clk 0:01:10]} Bc6
{[%clk 0:00:58]} 24. h4 {[%clk 0:00:42]} Bxf3 {[%clk 0:00:48]} 25. gxf3
{[%clk 0:00:42]} f5 {[%clk 0:00:45]} 26. Bg5 {[%clk 0:00:43]} Bxg5
{[%clk 0:00:42]} 27. hxg5 {[%clk 0:00:44]} Rb7 {[%clk 0:00:40]} 28. b3
{[%clk 0:00:44]} a5 {[%clk 0:00:41]} 29. Kg2 {[%clk 0:00:37]} a4 {[%clk 0:00:37]}
30. Rh1+ {[%clk 0:00:38]} Rh7 {[%clk 0:00:38]} 31. Rxh7+ {[%clk 0:00:29]} Kxh7
{[%clk 0:00:39]} 32. Rb1 {[%clk 0:00:30]} Rb8 {[%clk 0:00:38]} 33. f4
{[%clk 0:00:28]} Kg7 {[%clk 0:00:27]} 34. Ne2 {[%clk 0:00:29]} Kf7
{[%clk 0:00:28]} 35. Nc3 {[%clk 0:00:30]} axb3 {[%clk 0:00:29]} 36. axb3
{[%clk 0:00:32]} Nc7 {[%clk 0:00:28]} 37. fxe5 {[%clk 0:00:21]} dxe5
{[%clk 0:00:29]} 38. f4 {[%clk 0:00:22]} Ne6 {[%clk 0:00:23]} 39. fxe5
{[%clk 0:00:15]} Nxg5 {[%clk 0:00:24]} 40. Nd5 {[%clk 0:00:15]} Ne4
{[%clk 0:00:23]} 41. Rh1 {[%clk 0:00:12]} Ke6 {[%clk 0:00:24]} 42. Rh6
{[%clk 0:00:08]} Rxb3 {[%clk 0:00:22]} 43. Rxg6+ {[%clk 0:00:09]} Kxe5
{[%clk 0:00:23]} 44. Rg8 {[%clk 0:00:09]} Rb2+ {[%clk 0:00:21]} 45. Kf1
{[%clk 0:00:10]} Nd2+ {[%clk 0:00:18]} 46. Ke1 {[%clk 0:00:11]} Nxc4
{[%clk 0:00:19]} 47. Nc3 {[%clk 0:00:10]} Ne3 {[%clk 0:00:16]} 48. Re8+
{[%clk 0:00:10]} Kf4 {[%clk 0:00:13]} 49. Ne2+ {[%clk 0:00:09]} Kf3
{[%clk 0:00:13]} 50. Ng1+ {[%clk 0:00:09]} Kg2 {[%clk 0:00:08]} 51. Rxe3
{[%clk 0:00:06]} Kxg1 {[%clk 0:00:09]} 52. Rf3 {[%clk 0:00:07]} Rb1+
{[%clk 0:00:05]} 53. Ke2 {[%clk 0:00:08]} Rb2+ {[%clk 0:00:06]} 54. Ke1
{[%clk 0:00:09]} Rb1+ {[%clk 0:00:06]} 55. Ke2 {[%clk 0:00:10]} Rb2+ 56. Ke1 Rb1+
57. Ke2 Rb2+ {[%clk 0:00:06]} 58. Ke1 {[%clk 0:00:14]} Rb1+ {[%clk 0:00:08]} 59.
Ke2 {[%clk 0:00:16]} Rb2+ {[%clk 0:00:09]} 60. Ke1 {[%clk 0:00:17]} Rb1+
{[%clk 0:00:10]} 61. Ke2 {[%clk 0:00:19]} Rb2+ {[%clk 0:00:12]} 62. Ke1
{[%clk 0:00:20]} Rb1+ {[%clk 0:00:13]} 63. Ke2 {[%clk 0:00:22]} Rb2+
{[%clk 0:00:14]} 64. Ke1 {[%clk 0:00:23]} Rb1+ {[%clk 0:00:16]} 65. Ke2
{[%clk 0:00:24]} Rb2+ {[%clk 0:00:17]} 66. Ke1 {[%clk 0:00:26]} Rb1+ 67. Ke2 Rb2+
{[%clk 0:00:20]} 68. Ke1 {[%clk 0:00:29]} Rb1+ {[%clk 0:00:22]} 69. Ke2
{[%clk 0:00:30]} Rb2+ {[%clk 0:00:23]} 70. Ke1 {[%clk 0:00:32]} Rb1+
{[%clk 0:00:22]} 71. Ke2 {[%clk 0:00:33]} Rb2+ {[%clk 0:00:23]} 72. Ke1
{[%clk 0:00:35]} Rb6 {[%clk 0:00:22]} 73. Rxf5 {[%clk 0:00:35]} Rc6
{[%clk 0:00:23]} 74. Ke2 {[%clk 0:00:32]} c4 {[%clk 0:00:24]} 75. Kd2
{[%clk 0:00:31]} c3+ {[%clk 0:00:24]} 76. Kc2 {[%clk 0:00:31]} Kg2
{[%clk 0:00:25]} 77. Rd5 {[%clk 0:00:29]} Kf3 {[%clk 0:00:26]} 78. Rd3+
{[%clk 0:00:30]} Ke4 {[%clk 0:00:27]} 79. Rxc3 {[%clk 0:00:31]} Rxc3+
{[%clk 0:00:28]} 80. Kxc3 {[%clk 0:00:31]} Kd4+ 81. Kxd4 1/2-1/2

[Event "NZ Blitz 2016"]
[Site "Devonport, NZL"]
[Date "2016.01.12"]
[Round "5.5"]
[White "Thornton, Giovanni A"]
[Black "Kulashko, Alexei"]
[Result "1-0"]
[LiveChessVersion "1.4.7"]
[BlackElo "2341"]
[WhiteElo "2171"]

1. c4 {[%clk 0:03:02]} e5 {[%clk 0:03:01]} 2. Nc3 {[%clk 0:03:04]} Nf6
{[%clk 0:03:02]} 3. g3 {[%clk 0:03:05]} Bb4 {[%clk 0:03:03]} 4. Bg2
{[%clk 0:03:06]} Nc6 {[%clk 0:02:56]} 5. d3 {[%clk 0:03:01]} Bxc3+
{[%clk 0:02:54]} 6. bxc3 {[%clk 0:03:03]} h6 {[%clk 0:02:54]} 7. e4
{[%clk 0:03:04]} d6 {[%clk 0:02:56]} 8. Ne2 {[%clk 0:03:03]} O-O {[%clk 0:02:54]}
9. O-O {[%clk 0:03:03]} Rb8 {[%clk 0:02:21]} 10. h3 {[%clk 0:02:53]} Bd7
{[%clk 0:02:05]} 11. f4 {[%clk 0:02:52]} a6 {[%clk 0:01:40]} 12. f5
{[%clk 0:02:47]} b5 {[%clk 0:01:39]} 13. cxb5 {[%clk 0:02:48]} axb5
{[%clk 0:01:39]} 14. g4 {[%clk 0:02:47]} Nh7 {[%clk 0:01:40]} 15. Be3
{[%clk 0:02:36]} b4 {[%clk 0:01:33]} 16. Qd2 {[%clk 0:02:22]} bxc3
{[%clk 0:01:25]} 17. Nxc3 {[%clk 0:02:22]} Nd4 {[%clk 0:01:22]} 18. Rfb1
{[%clk 0:02:10]} c6 {[%clk 0:01:12]} 19. Ne2 {[%clk 0:01:53]} Nxe2+
{[%clk 0:01:04]} 20. Qxe2 {[%clk 0:01:53]} c5 {[%clk 0:01:04]} 21. Rxb8 Qxb8 22.
a4 {[%clk 0:01:44]} Qb4 {[%clk 0:00:58]} 23. a5 {[%clk 0:01:28]} Ra8
{[%clk 0:00:58]} 24. Qa2 {[%clk 0:01:21]} Qc3 {[%clk 0:00:33]} 25. Bf1
{[%clk 0:01:09]} Bb5 {[%clk 0:00:27]} 26. Qa3 {[%clk 0:00:57]} Qxa3
{[%clk 0:00:19]} 27. Rxa3 {[%clk 0:00:58]} Nf8 {[%clk 0:00:16]} 28. Bd2
{[%clk 0:00:45]} Nd7 {[%clk 0:00:17]} 29. Kf2 {[%clk 0:00:41]} Kf8
{[%clk 0:00:16]} 30. Be2 {[%clk 0:00:41]} Ke7 {[%clk 0:00:17]} 31. h4
{[%clk 0:00:42]} Kd8 {[%clk 0:00:18]} 32. Ra1 {[%clk 0:00:36]} Kc7
{[%clk 0:00:18]} 33. g5 {[%clk 0:00:26]} hxg5 {[%clk 0:00:20]} 34. hxg5
{[%clk 0:00:28]} Rh8 {[%clk 0:00:19]} 35. Kg2 {[%clk 0:00:27]} Ba6
{[%clk 0:00:17]} 36. Rb1 {[%clk 0:00:28]} Rb8 {[%clk 0:00:15]} 37. Rxb8
{[%clk 0:00:19]} Nxb8 {[%clk 0:00:16]} 38. Kg3 {[%clk 0:00:19]} Nc6
{[%clk 0:00:14]} 39. f6 {[%clk 0:00:14]} g6 {[%clk 0:00:08]} 40. Bf1
{[%clk 0:00:14]} Nd4 {[%clk 0:00:09]} 41. Kf2 {[%clk 0:00:10]} Kc6
{[%clk 0:00:09]} 42. Bc3 {[%clk 0:00:09]} Bc8 {[%clk 0:00:10]} 43. Bg2
{[%clk 0:00:06]} Kb5 {[%clk 0:00:11]} 44. Bf1 {[%clk 0:00:05]} Ka4
{[%clk 0:00:09]} 45. Be1 {[%clk 0:00:05]} Nb3 {[%clk 0:00:09]} 46. Bc3
{[%clk 0:00:04]} Nxa5 {[%clk 0:00:09]} 47. Be1 {[%clk 0:00:05]} Nb3
{[%clk 0:00:10]} 48. Ke3 {[%clk 0:00:05]} Nd4 {[%clk 0:00:11]} 49. Bd2
{[%clk 0:00:05]} Kb3 {[%clk 0:00:12]} 50. Bg2 {[%clk 0:00:06]} Kc2
{[%clk 0:00:13]} 51. Bf1 {[%clk 0:00:07]} Kd1 {[%clk 0:00:14]} 52. Ba5
{[%clk 0:00:08]} Nb5 {[%clk 0:00:11]} 53. Kf2 {[%clk 0:00:06]} Be6
{[%clk 0:00:11]} 54. d4 {[%clk 0:00:06]} Nxd4 {[%clk 0:00:12]} 55. Bc7
{[%clk 0:00:07]} c4 {[%clk 0:00:12]} 56. Bxd6 {[%clk 0:00:08]} c3
{[%clk 0:00:14]} 57. Bxe5 {[%clk 0:00:06]} c2 {[%clk 0:00:14]} 58. Bf4
{[%clk 0:00:06]} Bg4 {[%clk 0:00:15]} 59. e5 {[%clk 0:00:06]} Nb3
{[%clk 0:00:15]} 60. Bc4 {[%clk 0:00:05]} Nd4 {[%clk 0:00:15]} 61. Bxf7
{[%clk 0:00:05]} Be6 {[%clk 0:00:11]} 62. Bxg6 {[%clk 0:00:06]} Ne2
{[%clk 0:00:11]} 63. Bxc2+ {[%clk 0:00:05]} Kxc2 {[%clk 0:00:11]} 64. Kxe2
{[%clk 0:00:05]} Bf7 {[%clk 0:00:12]} 65. Ke3 {[%clk 0:00:06]} Kc3
{[%clk 0:00:13]} 66. Ke4 {[%clk 0:00:06]} Kc4 {[%clk 0:00:14]} 67. Kf5
{[%clk 0:00:07]} Kd5 {[%clk 0:00:16]} 68. g6 Be6+ 69. Kg5 Ke4 70. f7
{[%clk 0:00:08]} Kd5 1-0